[Event "IECG QC.2005.0.00068 email"]
[Site "IECG email"]
[Date "2005.08.26"]
[Round "?"]
[White "Paolantonio, Martin Esteban"]
[Black "Pljusnin, Victor"]
[Result "1-0"]
[WhiteElo "1700"]
[BlackElo "1743"]
[PlyCount "33"]
[EventDate "2005.08.26"]
[EventType "tourn (corr)"]
[EventRounds "2"]
[SourceTitle "Corr 2008"]
[Source "ChessBase"]
[SourceDate "2008.06.24"]
[SourceVersion "1"]
[SourceVersionDate "2008.06.24"]
[SourceQuality "1"]

1. f4 e5 2. fxe5 d6 3. exd6 Bxd6 4. Nf3 g5 5. d4 g4 6. Ng5 f5 7. e4 h6 8. e5 Be7 9. Nh3 gxh3 10. Qh5+ Kf8 11. Bc4 Rh7 12. Qg6 Rg7 13. Bxh6 Bb4+ 14. Ke2 Nxh6 15. Qxh6 Qg5 16. Qxg5 Rxg5 17. gxh3 1-0

[Event "IECG QC.2005.0.00068 email"]
[Site "IECG email"]
[Date "2005.08.26"]
[Round "?"]
[White "Pljusnin, Victor"]
[Black "Paolantonio, Martin Esteban"]
[Result "0-1"]
[WhiteElo "1743"]
[BlackElo "1700"]
[PlyCount "34"]
[EventDate "2005.08.26"]
[EventType "tourn (corr)"]
[EventRounds "2"]
[SourceTitle "Corr 2008"]
[Source "ChessBase"]
[SourceDate "2008.06.24"]
[SourceVersion "1"]
[SourceVersionDate "2008.06.24"]
[SourceQuality "1"]

1. e4 d5 2. exd5 Qxd5 3. Nc3 Qa5 4. d4 Nf6 5. Nf3 Bf5 6. Bd2 e6 7. Ne4 Qb6 8. Nxf6+ gxf6 9. Bc3 Nc6 10. Bd3 Bxd3 11. Qxd3 0-0-0 12. 0-0 Bg7 13. Rfd1 Ne5 14. Nxe5 fxe5 15. Qg3 exd4 16. Qxg7 dxc3 17. Qxc3 Rhg8 0-1

[Event "IECC KO email"]
[Site "IECC email"]
[Date "1999.10.16"]
[Round "?"]
[White "Jimenez Alonso, Julio"]
[Black "Paolantonio, Martin Esteban"]
[Result "1/2-1/2"]
[WhiteElo "2084"]
[BlackElo "2178"]
[PlyCount "93"]
[EventDate "1999.??.??"]
[EventType "tourn (corr)"]
[EventRounds "6"]
[SourceTitle "Corr 2008"]
[Source "ChessBase"]
[SourceDate "2008.06.24"]
[SourceVersion "1"]
[SourceVersionDate "2008.06.24"]
[SourceQuality "1"]

1. d4 Nf6 2. c4 e6 3. Nf3 d5 4. Nc3 Be7 5. Bf4 c6 6. e3 0-0 7. h3 Nbd7 8. Qc2 Re8 9. a3 Nf8 10. Bd3 dxc4 11. Bxc4 Nd5 12. Bg3 Bd6 13. Bxd6 Qxd6 14. 0-0 Nxc3 15. bxc3 b6 16. Bd3 Rd8 17. a4 c5 18. Ng5 g6 19. Ne4 Qc7 20. Rfb1 Bb7 21. a5 Bc6 22. axb6 axb6 23. Rxa8 Rxa8 24. dxc5 bxc5 25. Nxc5 Bxg2 26. Nxe6 Nxe6 27. Kxg2 Ra5 28. Rb4 Qd7 29. Be2 Ng5 30. Bg4 Qc6+ 31. e4 h5 32. Be2 Rc5 33. Qd3 Ne6 34. Qf3 Rxc3 35. Qf6 Qc7 36. e5 Rc5 37. Re4 Rc2 38. Bf3 Ra2 39. Re2 Ra5 40. Re1 Qc5 41. Re3 Qc1 42. Rb3 Qg5+ 43. Qxg5 Nxg5 44. Bxh5 gxh5 45. Rg3 Rxe5 46. f4 h4 47. Rxg5+ 1/2-1/2

[Event "IECC KO email"]
[Site "IECC email"]
[Date "1999.10.16"]
[Round "?"]
[White "Paolantonio, Martin Esteban"]
[Black "Jimenez Alonso, Julio"]
[Result "1-0"]
[WhiteElo "2163"]
[BlackElo "2126"]
[PlyCount "33"]
[EventDate "1999.??.??"]
[EventType "tourn (corr)"]
[EventRounds "6"]
[SourceTitle "Corr 2008"]
[Source "ChessBase"]
[SourceDate "2008.06.24"]
[SourceVersion "1"]
[SourceVersionDate "2008.06.24"]
[SourceQuality "1"]

1. e4 e5 2. Nf3 Nf6 3. Nxe5 d6 4. Nxf7 Kxf7 5. d4 Qe8 6. Nc3 c5 7. dxc5 dxc5 8. Bg5 Be7 9. e5 Ng4 10. Bxe7 Qxe7 11. Qf3+ Nf6 12. Bc4+ Ke8 13. 0-0 Nc6 14. exf6 Qxf6 15. Rfe1+ Kf8 16. Qe3 Qe7 17. Qg3 1-0

[Event "IECC KO email"]
[Site "IECC email"]
[Date "1999.05.04"]
[Round "?"]
[White "Paolantonio, Martin Esteban"]
[Black "Ampiainen, Jesper"]
[Result "1-0"]
[WhiteElo "2148"]
[BlackElo "2036"]
[PlyCount "51"]
[EventDate "1999.??.??"]
[EventType "tourn (corr)"]
[EventRounds "6"]
[SourceTitle "Corr 2008"]
[Source "ChessBase"]
[SourceDate "2008.06.24"]
[SourceVersion "1"]
[SourceVersionDate "2008.06.24"]
[SourceQuality "1"]

1. d4 d5 2. Nf3 Nf6 3. Bg5 e6 4. e3 Be7 5. Nbd2 0-0 6. Bd3 h6 7. Bh4 b6 8. Ne5 Bb7 9. f4 Ne4 10. Bxe7 Qxe7 11. 0-0 Nxd2 12. Qxd2 Nd7 13. Rf3 Nxe5 14. fxe5 f6 15. exf6 Rxf6 16. Rxf6 Qxf6 17. Rf1 Qe7 18. Qf2 a5 19. c4 Ba6 20. b3 Rd8 21. Bb1 g5 22. Qc2 Qg7 23. Rf3 c5 24. dxc5 bxc5 25. Qd2 a4 26. Qa5 1-0

[Event "IECC CL2-1999.09"]
[Site "IECC email"]
[Date "1999.01.18"]
[Round "?"]
[White "Paolantonio, Martin Esteban"]
[Black "Glew, David"]
[Result "1/2-1/2"]
[WhiteElo "2161"]
[BlackElo "1913"]
[PlyCount "98"]
[EventDate "1999.??.??"]
[EventType "tourn (corr)"]
[EventRounds "4"]
[SourceTitle "Corr 2008"]
[Source "ChessBase"]
[SourceDate "2008.06.24"]
[SourceVersion "1"]
[SourceVersionDate "2008.06.24"]
[SourceQuality "1"]

1. d4 g6 2. Bg5 Bg7 3. c3 Nf6 4. Nd2 d6 5. e4 0-0 6. Bc4 c5 7. Ngf3 h6 8. Bxf6 Bxf6 9. dxc5 dxc5 10. Qe2 Bg7 11. Qe3 Qc7 12. 0-0-0 Nd7 13. h4 Nb6 14. Be2 Be6 15. h5 g5 16. Kb1 Na4 17. Nb3 Qb6 18. Nfd2 Bxc3 19. bxc3 c4 20. Qxb6 axb6 21. Bxc4 Rfc8 22. Bxe6 Nxc3+ 23. Kc2 Rxa2+ 24. Kd3 Nxd1 25. Bxf7+ Kxf7 26. Rxd1 e5 27. Rc1 Rc6 28. f3 Rd6+ 29. Ke2 Rc6 30. g3 Ra3 31. Ra1 Rxa1 32. Nxa1 b5 33. Nf1 g4 34. fxg4 Rc4 35. Nb3 Rxe4+ 36. Ne3 Ra4 37. Nf5 Kf6 38. Nxh6 b6 39. Nd2 Kg5 40. Nf7+ Kxg4 41. h6 Kxg3 42. Nf1+ Kf4 43. h7 Ra8 44. h8Q Rxh8 45. Nxh8 b4 46. Nd2 Kf5 47. Nf7 b3 48. Nxb3 Ke6 49. Ng5+ Kf5 1/2-1/2

[Event "SEMI A002 corr"]
[Site "SEMI email"]
[Date "1999.??.??"]
[Round "?"]
[White "Del Carril, Jose Maria"]
[Black "Paolantonio, Martin Esteban"]
[Result "0-1"]
[WhiteElo "2000"]
[BlackElo "2200"]
[PlyCount "78"]
[EventDate "1999.07.01"]
[EventType "tourn (corr)"]
[EventRounds "6"]
[EventCountry "ITA"]
[SourceTitle "Corr 2002"]
[Source "ChessBase"]
[SourceDate "2002.05.23"]
[SourceVersion "1"]
[SourceVersionDate "2002.05.23"]
[SourceQuality "1"]

1. e4 d5 2. exd5 Qxd5 3. Nc3 Qa5 4. d4 Nf6 5. Nf3 c6 6. Bc4 Bf5 7. Ne5 e6 8. g4 Bg6 9. Bd2 Nbd7 10. Nxg6 hxg6 11. Nd5 Qd8 12. Nxf6+ Qxf6 13. Be3 Nb6 14. Bb3 0-0-0 15. Qe2 Bd6 16. h3 Nd5 17. 0-0-0 Rh4 18. Bxd5 exd5 19. Qd2 Rdh8 20. Bg5 Qf3 21. Bxh4 Bf4 22. Bg5 Bxd2+ 23. Bxd2 Rxh3 24. Rhe1 Qxg4 25. Re8+ Kd7 26. Rde1 Qh4 27. Bb4 Rh1 28. Rxh1 Qxh1+ 29. Re1 Qh4 30. Re2 Qxd4 31. Re7+ Kd8 32. Rxb7 Kc8 33. Rxf7 Qxb4 34. c3 Qe4 35. Rxg7 Qe1+ 36. Kc2 Qxf2+ 37. Kb3 d4 38. cxd4 Qxd4 39. Rxg6 Qd3+ 0-1

[Event "SEMI A002 corr"]
[Site "SEMI email"]
[Date "1999.??.??"]
[Round "?"]
[White "Paolantonio, Martin Esteban"]
[Black "Almonti, Alessandro"]
[Result "1/2-1/2"]
[WhiteElo "2200"]
[BlackElo "1900"]
[PlyCount "48"]
[EventDate "1999.07.01"]
[EventType "tourn (corr)"]
[EventRounds "6"]
[EventCountry "ITA"]
[SourceTitle "Corr 2002"]
[Source "ChessBase"]
[SourceDate "2002.05.23"]
[SourceVersion "1"]
[SourceVersionDate "2002.05.23"]
[SourceQuality "1"]

1. d4 f5 2. c4 Nf6 3. g3 e6 4. Nc3 Be7 5. Bg2 0-0 6. Nf3 d6 7. Qc2 Qe8 8. e4 fxe4 9. Nxe4 Nxe4 10. Qxe4 Qh5 11. 0-0 Bf6 12. Re1 Nc6 13. Bf4 Bd7 14. Rad1 Rae8 15. a3 Nd8 16. b4 g5 17. g4 Qxg4 18. Bxg5 Qh5 19. Rd3 Bc6 20. Qe2 Bxg5 21. Nxg5 Qxe2 22. Rxe2 Bxg2 23. Kxg2 h6 24. Ne4 Re7 1/2-1/2

[Event "IECC Quad-611 email"]
[Site "IECC email"]
[Date "1998.09.07"]
[Round "?"]
[White "Paolantonio, Martin Esteban"]
[Black "De Leeuw, Dirk"]
[Result "1-0"]
[WhiteElo "2155"]
[BlackElo "1896"]
[PlyCount "75"]
[EventDate "1998.??.??"]
[EventType "tourn (corr)"]
[EventRounds "6"]
[SourceTitle "Corr 2008"]
[Source "ChessBase"]
[SourceDate "2008.06.24"]
[SourceVersion "1"]
[SourceVersionDate "2008.06.24"]
[SourceQuality "1"]

1. e4 c5 2. c3 Nf6 3. e5 Nd5 4. d4 cxd4 5. Nf3 Nc6 6. Bc4 Nb6 7. Bb3 g6 8. cxd4 Bg7 9. 0-0 d5 10. exd6 Qxd6 11. Nc3 0-0 12. Be3 Bg4 13. h3 Bxf3 14. Qxf3 Rac8 15. Rfe1 Qd7 16. d5 Nd4 17. Qe4 Nxb3 18. axb3 Rxc3 19. bxc3 Bxc3 20. Rxa7 Bxe1 21. Bxb6 Bc3 22. b4 Bf6 23. Qd3 Be5 24. Bc5 Rd8 25. g3 Qxh3 26. Rxb7 Ra8 27. Ra7 Rxa7 28. Bxa7 h5 29. Qe4 Bd6 30. Bc5 Qd7 31. Bxd6 Qxd6 32. Qc4 g5 33. b5 Kg7 34. Qd4+ f6 35. b6 g4 36. b7 Qb8 37. Qb4 Kf8 38. Qb5 1-0

[Event "IECC Quad-611 email"]
[Site "IECC email"]
[Date "1998.09.07"]
[Round "?"]
[White "Van Deursen, Peter"]
[Black "Paolantonio, Martin Esteban"]
[Result "1/2-1/2"]
[WhiteElo "2111"]
[BlackElo "2158"]
[PlyCount "49"]
[EventDate "1998.??.??"]
[EventType "tourn (corr)"]
[EventRounds "6"]
[SourceTitle "Corr 2008"]
[Source "ChessBase"]
[SourceDate "2008.06.24"]
[SourceVersion "1"]
[SourceVersionDate "2008.06.24"]
[SourceQuality "1"]

1. c4 Nf6 2. Nc3 e6 3. e4 d5 4. cxd5 exd5 5. e5 Ne4 6. Nf3 Bf5 7. d3 Nxc3 8. bxc3 Be7 9. Rb1 b6 10. Nd4 Bc8 11. Qf3 c5 12. Nf5 Bxf5 13. Qxf5 0-0 14. Be2 Re8 15. 0-0 Qd7 16. Bg4 Qxf5 17. Bxf5 Na6 18. Bd7 Red8 19. Bc6 Rab8 20. d4 cxd4 21. cxd4 Nb4 22. Rxb4 Bxb4 23. Bg5 f6 24. exf6 h6 25. f7+ 1/2-1/2

[Event "IECC Quad 611 email"]
[Site "IECC email"]
[Date "1998.09.06"]
[Round "?"]
[White "De Leeuw, Dirk"]
[Black "Paolantonio, Martin Esteban"]
[Result "1/2-1/2"]
[WhiteElo "1932"]
[BlackElo "2165"]
[PlyCount "113"]
[EventDate "1998.??.??"]
[EventType "tourn (corr)"]
[EventRounds "6"]
[SourceTitle "Corr 2008"]
[Source "ChessBase"]
[SourceDate "2008.06.24"]
[SourceVersion "1"]
[SourceVersionDate "2008.06.24"]
[SourceQuality "1"]

1. d4 Nf6 2. c4 c5 3. d5 b5 4. cxb5 a6 5. bxa6 Bxa6 6. Nc3 g6 7. g3 d6 8. Bg2 Bg7 9. Nf3 Nbd7 10. 0-0 0-0 11. Qc2 Ra7 12. Bf4 Qa8 13. Rfd1 Rb8 14. e4 Nb6 15. a4 Nh5 16. Bd2 Nc4 17. b3 Nxd2 18. Nxd2 Rab7 19. Rab1 Rb4 20. Bf1 Bxf1 21. Rxf1 Nf6 22. Nb5 Ng4 23. h3 Ne5 24. f4 Nd7 25. Rbc1 Nb6 26. Qd3 Qa5 27. Rc2 Ra8 28. Rfc1 Qa6 29. Kh2 Qb7 30. Re1 Qb8 31. Re2 h6 32. Re1 Qb7 33. Rg1 Bd4 34. Nxd4 Rxd4 35. Qe3 Qa6 36. Ra1 Rb8 37. Re1 Rb4 38. f5 gxf5 39. exf5 Nxd5 40. Qxh6 Qd3 41. Qg5+ Kh7 42. Rc4 Rxc4 43. bxc4 Rb2 44. Qh5+ Kg7 45. Re2 Nf4 46. Qg5+ Kh7 47. Qh4+ Kg8 48. Rf2 Rxd2 49. Qxf4 Rxf2+ 50. Qxf2 Qxc4 51. a5 Qa4 52. Qd2 c4 53. h4 Qa1 54. Qb4 c3 55. Qg4+ Kf8 56. f6 exf6 57. Qc8+ 1/2-1/2

[Event "IECC Trio 573 email"]
[Site "IECC email"]
[Date "1998.07.04"]
[Round "?"]
[White "Boissonnet, Carlos"]
[Black "Paolantonio, Martin Esteban"]
[Result "1-0"]
[WhiteElo "2347"]
[BlackElo "2184"]
[PlyCount "71"]
[EventDate "1998.??.??"]
[EventType "tourn (corr)"]
[EventRounds "4"]
[SourceTitle "Corr 2008"]
[Source "ChessBase"]
[SourceDate "2008.06.24"]
[SourceVersion "1"]
[SourceVersionDate "2008.06.24"]
[SourceQuality "1"]

1. g3 e5 2. Nf3 e4 3. Nd4 c5 4. Nb3 c4 5. Nd4 Bc5 6. e3 d5 7. b3 cxb3 8. Nxb3 Be7 9. d3 Qc7 10. Bb2 Nf6 11. Bg2 Nc6 12. Nc3 Bf5 13. 0-0 Rd8 14. Nb5 Qd7 15. dxe4 dxe4 16. Qxd7+ Rxd7 17. Rad1 0-0 18. Bxf6 Rxd1 19. Rxd1 Bxf6 20. Nc5 Nb4 21. Nd6 b6 22. Ncxe4 Bxe4 23. Nxe4 Be5 24. Rd7 Bb8 25. Nc3 Nxc2 26. Bd5 Nb4 27. Bb3 Na6 28. Ne4 h6 29. h4 g6 30. g4 Nc5 31. Nxc5 bxc5 32. g5 hxg5 33. hxg5 a5 34. f4 a4 35. Bc4 Kg7 36. Kf2 1-0

[Event "IECC Trio 573 email"]
[Site "IECC email"]
[Date "1998.07.04"]
[Round "?"]
[White "Paolantonio, Martin Esteban"]
[Black "Boissonnet, Carlos"]
[Result "0-1"]
[WhiteElo "2198"]
[BlackElo "2322"]
[PlyCount "74"]
[EventDate "1998.??.??"]
[EventType "tourn (corr)"]
[EventRounds "4"]
[SourceTitle "Corr 2008"]
[Source "ChessBase"]
[SourceDate "2008.06.24"]
[SourceVersion "1"]
[SourceVersionDate "2008.06.24"]
[SourceQuality "1"]

1. e4 c5 2. Nf3 d6 3. d4 cxd4 4. Nxd4 Nf6 5. Nc3 g6 6. Be3 Bg7 7. f3 Nc6 8. Qd2 0-0 9. 0-0-0 Be6 10. Nxe6 fxe6 11. h4 Ne5 12. Be2 Qc8 13. g4 Nc4 14. Bxc4 Qxc4 15. Bh6 b5 16. Bxg7 Kxg7 17. h5 b4 18. Nb1 a5 19. hxg6 hxg6 20. b3 Qc5 21. Qd4 Qxd4 22. Rxd4 Nd7 23. Rh3 Ne5 24. Nd2 Rac8 25. Kb2 Rc3 26. Nc4 Rc8 27. a4 Nxc4+ 28. Rxc4 R3xc4 29. bxc4 Rxc4 30. g5 Rc3 31. Kb1 e5 32. Kb2 Ra3 33. Rg3 Rxa4 34. c3 Ra3 35. cxb4 axb4 36. Rh3 Re3 37. Kc2 e6 0-1

[Event "IECC M email"]
[Site "IECC email"]
[Date "1998.06.28"]
[Round "?"]
[White "Paolantonio, Martin Esteban"]
[Black "Fedorko, Andrew"]
[Result "0-1"]
[WhiteElo "2157"]
[BlackElo "2102"]
[PlyCount "139"]
[EventDate "1998.??.??"]
[EventType "tourn (corr)"]
[EventRounds "12"]
[SourceTitle "Corr 2008"]
[Source "ChessBase"]
[SourceDate "2008.06.24"]
[SourceVersion "1"]
[SourceVersionDate "2008.06.24"]
[SourceQuality "1"]

1. e4 e5 2. Nf3 Nc6 3. Bc4 Nf6 4. Ng5 d5 5. exd5 Nxd5 6. Nxf7 Kxf7 7. Qf3+ Ke6 8. Nc3 Ncb4 9. Qe4 c6 10. a3 Na6 11. d4 Nac7 12. f4 Kf7 13. fxe5 Be6 14. 0-0+ Ke8 15. Qf3 Qh4 16. Ne4 Be7 17. Bd2 Rf8 18. Qe2 Kd7 19. g3 Qg4 20. Qxg4 Bxg4 21. Bd3 Ne6 22. c4 Nb6 23. Be3 Rad8 24. Nd6 Bxd6 25. exd6 Bh3 26. Rfe1 Bf5 27. Bf1 Rde8 28. d5 Nd8 29. dxc6+ Nxc6 30. c5 Nd5 31. Bf2 Nf6 32. Rxe8 Rxe8 33. Re1 Rxe1 34. Bxe1 Ne4 35. b4 Nd4 36. Bg2 Nc2 37. Bxe4 Bxe4 38. Bc3 Nxa3 39. Bxg7 b6 40. Kf2 Nc2 41. Bc3 a5 42. bxa5 bxc5 43. Be5 Bb7 44. Ke2 Nb4 45. Ke3 Nc6 46. Bc3 Kxd6 47. Kf4 Kd5 48. Kg5 Kc4 49. Be1 Nb4 50. g4 Kb5 51. h4 Kxa5 52. Kh6 Be4 53. h5 Kb5 54. g5 Nd3 55. Bd2 Ne5 56. Bf4 Nc6 57. g6 hxg6 58. hxg6 Ne7 59. g7 Kc4 60. Kg5 Ng8 61. Be3 Kd5 62. Kf4 c4 63. Bf2 Bh7 64. Ba7 c3 65. Ke3 Ne7 66. Ke2 Nc6 67. Be3 Nd4+ 68. Kd1 Kc4 69. Bg5 c2+ 70. Kc1 0-1

[Event "IECC M email"]
[Site "IECC email"]
[Date "1998.06.13"]
[Round "?"]
[White "Paolantonio, Martin Esteban"]
[Black "Smith, Gerry"]
[Result "1-0"]
[WhiteElo "2197"]
[BlackElo "2013"]
[PlyCount "45"]
[EventDate "1998.??.??"]
[EventType "tourn (corr)"]
[EventRounds "12"]
[SourceTitle "Corr 2008"]
[Source "ChessBase"]
[SourceDate "2008.06.24"]
[SourceVersion "1"]
[SourceVersionDate "2008.06.24"]
[SourceQuality "1"]

1. d4 e6 2. Nf3 c5 3. g3 cxd4 4. Nxd4 d5 5. Bg2 g6 6. 0-0 Bg7 7. c4 dxc4 8. Nb5 Nc6 9. N1a3 Nd4 10. Nxd4 Qxd4 11. Qxd4 Bxd4 12. Nxc4 Bc5 13. Rd1 Nf6 14. Bg5 Nd7 15. Rac1 h6 16. Bf4 f6 17. Na5 e5 18. Nxb7 exf4 19. Nxc5 Rb8 20. Bc6 Rh7 21. Nxd7 Bxd7 22. Rxd7 Rxd7 23. Rd1 1-0

[Event "IECC Trio 550 email"]
[Site "IECC email"]
[Date "1998.05.20"]
[Round "?"]
[White "Paolantonio, Martin Esteban"]
[Black "Elfstrom, Jorgen"]
[Result "1/2-1/2"]
[WhiteElo "2226"]
[BlackElo "1995"]
[PlyCount "64"]
[EventDate "1998.??.??"]
[EventType "tourn (corr)"]
[EventRounds "4"]
[SourceTitle "Corr 2008"]
[Source "ChessBase"]
[SourceDate "2008.06.24"]
[SourceVersion "1"]
[SourceVersionDate "2008.06.24"]
[SourceQuality "1"]

1. d4 d5 2. Nf3 e6 3. Bg5 Nf6 4. e3 c5 5. Nbd2 Be7 6. c3 Nbd7 7. Bd3 b6 8. Ne5 Nxe5 9. dxe5 Nd7 10. Bxe7 Qxe7 11. f4 Bb7 12. Qe2 a6 13. 0-0-0 b5 14. e4 c4 15. Bc2 0-0-0 16. exd5 Bxd5 17. Ne4 Nc5 18. Nxc5 Qxc5 19. Rd2 g6 20. Rhd1 Rd7 21. g4 a5 22. Be4 Rhd8 23. Bxd5 Rxd5 24. Rxd5 Rxd5 25. Rxd5 Qxd5 26. Kc2 Kc7 27. g5 Kc6 28. a3 a4 29. h4 Qh1 30. Qd2 Qe4+ 31. Kc1 Qh1+ 32. Kc2 Qe4+ 1/2-1/2

[Event "IECC Trio 480 email"]
[Site "IECC email"]
[Date "1998.03.24"]
[Round "?"]
[White "Hughes, David M"]
[Black "Paolantonio, Martin Esteban"]
[Result "1/2-1/2"]
[WhiteElo "2240"]
[BlackElo "2206"]
[PlyCount "98"]
[EventDate "1998.??.??"]
[EventType "tourn (corr)"]
[EventRounds "4"]
[SourceTitle "Corr 2008"]
[Source "ChessBase"]
[SourceDate "2008.06.24"]
[SourceVersion "1"]
[SourceVersionDate "2008.06.24"]
[SourceQuality "1"]

1. c4 Nf6 2. Nc3 e5 3. Nf3 Nc6 4. d4 exd4 5. Nxd4 Bb4 6. Nxc6 Bxc3+ 7. bxc3 bxc6 8. Qd4 h6 9. Qe5+ Kf8 10. e3 d6 11. Qf4 Rb8 12. Bd3 c5 13. 0-0 Qd7 14. e4 Ba6 15. e5 dxe5 16. Qe3 Qd6 17. Ba3 Kg8 18. Bxc5 Qe6 19. Bxa7 Rb7 20. Rfd1 e4 21. Bc2 Bxc4 22. Bd4 Rb2 23. Bxf6 Qxf6 24. Bxe4 g6 25. Rd2 Rxd2 26. Qxd2 Kg7 27. Rd1 Re8 28. Bf3 Qd6 29. Qxd6 cxd6 30. h4 Bxa2 31. Rxd6 Rc8 32. Rc6 Rxc6 33. Bxc6 Bc4 34. f4 g5 35. fxg5 hxg5 36. hxg5 Kg6 37. Kf2 Kxg5 38. Ke3 Kf5 39. Kd4 Bf1 40. Bd5 Kf4 41. c4 Kg3 42. c5 f5 43. c6 f4 44. Kc5 Bxg2 45. Bxg2 Kxg2 46. c7 f3 47. c8Q f2 48. Qg4+ Kh1 49. Qd1+ Kg2 1/2-1/2

[Event "IECC Trio 480 email"]
[Site "IECC email"]
[Date "1998.03.24"]
[Round "?"]
[White "Paolantonio, Martin Esteban"]
[Black "Benatar, Eric"]
[Result "1/2-1/2"]
[WhiteElo "2196"]
[BlackElo "2248"]
[PlyCount "132"]
[EventDate "1998.??.??"]
[EventType "tourn (corr)"]
[EventRounds "4"]
[SourceTitle "Corr 2008"]
[Source "ChessBase"]
[SourceDate "2008.06.24"]
[SourceVersion "1"]
[SourceVersionDate "2008.06.24"]
[SourceQuality "1"]

1. d4 d6 2. Nf3 Nf6 3. Bg5 g6 4. Nbd2 Bg7 5. e4 0-0 6. Bd3 c5 7. dxc5 dxc5 8. 0-0 Nc6 9. a4 Bg4 10. h3 Be6 11. Re1 Nd7 12. c3 a6 13. Bc4 Bxc4 14. Nxc4 Qc7 15. a5 Rad8 16. Qb3 Nde5 17. Nfxe5 Nxe5 18. Rad1 Nxc4 19. Qxc4 Rc8 20. Qb3 Rfd8 21. Rd5 c4 22. Qb4 Bf8 23. Red1 Rxd5 24. exd5 Rd8 25. Bh4 Rd7 26. Bg3 e5 27. Qa4 Bd6 28. Bh4 Kg7 29. Bg5 Bc5 30. Bh4 f6 31. Kh1 Bd6 32. f3 Qc8 33. Bf2 Rc7 34. Bb6 Qd7 35. Qc2 Rc8 36. b4 cxb3 37. Qxb3 Qb5 38. Qxb5 axb5 39. Rb1 Rxc3 40. Rxb5 Kf7 41. Kg1 Ke8 42. Ba7 Rc7 43. Kf2 Kd7 44. Ke3 Ke7 45. Rb1 f5 46. Kd3 Rd7 47. Bb6 h6 48. Re1 Kf6 49. Rb1 g5 50. g4 Ba3 51. Kc4 Bd6 52. Bf2 Rc7+ 53. Kd3 Bc5 54. Bxc5 Rxc5 55. Rb6+ Ke7 56. Rxb7+ Kd6 57. a6 Rxd5+ 58. Kc4 fxg4 59. hxg4 Rd4+ 60. Kb5 Rd5+ 61. Kb6 Rd1 62. Rh7 Rb1+ 63. Ka7 Rb3 64. Rxh6+ Kc7 65. Rf6 Rd3 66. Rf8 Rd7 1/2-1/2

[Event "IECC M email"]
[Site "IECC email"]
[Date "1998.01.15"]
[Round "?"]
[White "Paolantonio, Martin Esteban"]
[Black "Six, Stefaan"]
[Result "1-0"]
[WhiteElo "2246"]
[BlackElo "1979"]
[PlyCount "151"]
[EventDate "1998.??.??"]
[EventType "tourn (corr)"]
[EventRounds "12"]
[SourceTitle "Corr 2008"]
[Source "ChessBase"]
[SourceDate "2008.06.24"]
[SourceVersion "1"]
[SourceVersionDate "2008.06.24"]
[SourceQuality "1"]

1. e4 e5 2. Nf3 Nc6 3. Bc4 Nf6 4. Ng5 d5 5. exd5 b5 6. Bf1 Nd4 7. c3 Nxd5 8. Ne4 Qh4 9. Ng3 Bg4 10. f3 e4 11. cxd4 Bd6 12. Bxb5+ Kd8 13. Qb3 Bxg3+ 14. Kd1 Be6 15. Bc6 exf3 16. gxf3 Nb6 17. d5 Bd7 18. a4 Rc8 19. a5 Na8 20. Ra4 Qh5 21. Bxd7 Kxd7 22. Rg4 Bd6 23. Rxg7 Rb8 24. Qa4+ Kd8 25. Qg4 Qxd5 26. Nc3 Qb3+ 27. Ke1 h6 28. Rg1 Re8+ 29. Kf1 Rb5 30. Rg8 Rbe5 31. Rxe8+ Rxe8 32. Kg2 Qb4 33. d4 Qxa5 34. Bxh6 Be7 35. Kh1 Nb6 36. Re1 Nd7 37. Qe4 Nf6 38. Qf4 Kc8 39. Qg5 Bb4 40. Rxe8+ Nxe8 41. Nd5 Qa6 42. Kg1 Bd6 43. Qf5+ Kb8 44. Qc2 Qb5 45. Qe4 f5 46. Nc3 Qd7 47. Qd5 c6 48. Qb3+ Ka8 49. Qg8 Kb7 50. h4 Qe7 51. h5 Nf6 52. Qg5 Qe1+ 53. Kg2 Nd5 54. Qxf5 Nxc3 55. Qf7+ Ka6 56. bxc3 Qe2+ 57. Kh3 Qh2+ 58. Kg4 Qg3+ 59. Kf5 Qxf3+ 60. Kg6 Qxc3 61. Bg7 Kb6 62. Qf5 Qg3+ 63. Kf7 Bb4 64. h6 Qc7+ 65. Kg8 Qd8+ 66. Kf7 Qc7+ 67. Kg6 Qg3+ 68. Qg5 Qd3+ 69. Kf7 Qh3 70. Qd8+ Kb5 71. Qb8+ Kc4 72. Qe5 Kd3 73. Qe6 Qh2 74. Qf5+ Kc3 75. d5+ Kc4 76. d6 1-0

[Event "SEMI ECT2 A email"]
[Site "SEMI email"]
[Date "1998.??.??"]
[Round "?"]
[White "Blanco, Julian"]
[Black "Paolantonio, Martin Esteban"]
[Result "1-0"]
[WhiteElo "2175"]
[BlackElo "2200"]
[PlyCount "149"]
[EventDate "1998.??.??"]
[EventType "tourn (corr)"]
[EventRounds "14"]
[EventCountry "ITA"]
[SourceTitle "Corr 2008"]
[Source "ChessBase"]
[SourceDate "2008.06.24"]
[SourceVersion "1"]
[SourceVersionDate "2008.06.24"]
[SourceQuality "1"]

1. c4 Nf6 2. Nc3 e6 3. e4 d5 4. e5 d4 5. exf6 dxc3 6. bxc3 Qxf6 7. d4 e5 8. Nf3 exd4 9. Bg5 Qe6+ 10. Be2 f6 11. Nxd4 Qf7 12. Bf4 Na6 13. 0-0 Bc5 14. Bh5 g6 15. Re1+ Be7 16. Bf3 Qxc4 17. Qb3 Qxb3 18. axb3 Nc5 19. Bxc7 Nd3 20. Re3 Ne5 21. Bxe5 fxe5 22. Rxe5 Kf7 23. Rb5 a6 24. Bxb7 Ra7 25. Bd5+ Kg7 26. Rba5 Bf6 27. Rd1 Re8 28. f3 Re3 29. Rc5 Bd7 30. Kf2 Re5 31. Nc6 Bxc6 32. Rxc6 Rae7 33. c4 Re2+ 34. Kg3 a5 35. c5 Be5+ 36. Kh3 Rc2 37. Bc4 a4 38. Bd3 Ra2 39. bxa4 Rxa4 40. Ra6 Rxa6 41. Bxa6 Kf6 42. c6 Bc7 43. Bc8 Re5 44. g3 Re8 45. Bd7 Re2 46. Rb1 Ke7 47. Rb4 Kd6 48. Rd4+ Ke5 49. Rh4 h5 50. f4+ Kf6 51. f5 gxf5 52. Rxh5 Rf2 53. Rh6+ Kg7 54. Re6 Kf7 55. Re1 f4 56. Kg4 Rg2 57. Kf3 Rb2 58. gxf4 Rxh2 59. Kg4 Rh6 60. f5 Rh8 61. Re6 Rg8+ 62. Kf3 Ra8 63. Rh6 Ra3+ 64. Ke4 Ra4+ 65. Kd5 Ra5+ 66. Kc4 Ra1 67. Rh7+ Kg8 68. Re7 Kf8 69. Re8+ Kf7 70. Rc8 Ra4+ 71. Kb5 Ra5+ 72. Kb4 Ra7 73. Rxc7 Rxc7 74. Kc5 Ke7 75. Be6 1-0

[Event "SEMI ECT2 A email"]
[Site "SEMI email"]
[Date "1998.??.??"]
[Round "?"]
[White "Paolantonio, Martin Esteban"]
[Black "Pepe, Savino"]
[Result "1/2-1/2"]
[WhiteElo "2200"]
[BlackElo "2000"]
[PlyCount "79"]
[EventDate "1998.??.??"]
[EventType "tourn (corr)"]
[EventRounds "14"]
[EventCountry "ITA"]
[SourceTitle "Corr 2008"]
[Source "ChessBase"]
[SourceDate "2008.06.24"]
[SourceVersion "1"]
[SourceVersionDate "2008.06.24"]
[SourceQuality "1"]

1. e4 e6 2. d4 d5 3. e5 c5 4. c3 Nc6 5. Nf3 Qb6 6. Bd3 Bd7 7. dxc5 Bxc5 8. 0-0 a5 9. a4 Nge7 10. Qe2 Ng6 11. Na3 0-0 12. h4 Qd8 13. g3 Qb8 14. Bxg6 fxg6 15. Nb5 Ne7 16. Be3 Bxe3 17. Qxe3 Nf5 18. Qe2 Qd8 19. Nbd4 Qb6 20. b3 Rac8 21. Rac1 Rc5 22. Rc2 h6 23. Qd3 Qc7 24. Nxf5 Rxf5 25. Re1 g5 26. hxg5 hxg5 27. Qe3 d4 28. Nxd4 Rfxe5 29. Qd2 Rxe1+ 30. Qxe1 e5 31. Nf3 Bf5 32. Rc1 g4 33. Ng5 Qd8 34. Ne4 Rd5 35. c4 Rd4 36. Nc3 Qg5 37. Rd1 Bc2 38. Rxd4 exd4 39. Nb5 d3 40. Qe8+ 1/2-1/2